Construction costs down as oil price plummets (Record no. 81182)

MARC details
000 -LEADER
fixed length control field 00807cab a22001935a 4500
001 - CONTROL NUMBER
control field L146545
008 - FIXED-LENGTH DATA ELEMENTS--GENERAL INFORMATION
fixed length control field 090202e20090115xxkdo f 000 0 eng d
035 ## - SYSTEM CONTROL NUMBER
System control number (Sirsi) u146545
041 0# - LANGUAGE CODE
Language code of text/sound track or separate title eng
100 2# - MAIN ENTRY--PERSONAL NAME
Personal name Spackman, Juliet
245 00 - TITLE STATEMENT
Title Construction costs down as oil price plummets
260 ## - PUBLICATION, DISTRIBUTION, ETC.
Date of publication, distribution, etc. 2009
490 ## - SERIES STATEMENT
Series statement Construction News
Volume/sequential designation (7100) 15 January 2009, 18-19 (2)
520 ## - SUMMARY, ETC.
Summary, etc. Reports construction costs of December 2008. Explains that building costs are 10.4 % lower as oil price reduces. Material costs fell by 12.2% in the third quarter of 2008. Labour costs decreased by 3.7%. Provides costs of construction: mean materials and labour prices of December 2008 and regional prices.
590 ## - LOCAL NOTE (RLIN)
Local note KA
651 #4 - SUBJECT ADDED ENTRY--GEOGRAPHIC NAME
Geographic name United Kingdom
Chronological subdivision
690 ## - LOCAL SUBJECT ADDED ENTRY--TOPICAL TERM (OCLC, RLIN)
Topical term or geographic name as entry element BUILT ENVIRONMENT-BUILDING COSTS
942 ## - ADDED ENTRY ELEMENTS (KOHA)
Suppress in OPAC 0
Holdings
Withdrawn status Lost status Source of classification or shelving scheme Damaged status Not for loan Home library Current library Shelving location Date acquired Total Checkouts Full call number Barcode Date last seen Copy number Price effective from Koha item type
    Dewey Decimal Classification     London London Journal article 02/02/2009   L146545 146545-1001 06/08/2019 1 06/08/2019 Journal article